40 Dexter Characters (First Names) Quiz Stats

 Plays Quiz not verified by Sporcle

Challenge
Share
Tweet
Embed
Score 0/40 Timer 07:00
0 Plays Today
Last Name First Name % Correct
MorganDexter
94.3%
MorganHarry
91.6%
PradoMiguel
90.4%
BatistaAngel
90.1%
MoserBrian
89.9%
MorganDebra
89.6%
MorganHarrison
88.9%
MorganRita
88.3%
LaGuertaMaria
87.3%
BennettCody
86.7%
MasukaVince
84.5%
DoakesJames
82.5%
BennettAstor
82.4%
MoserLaura
81.7%
TournayLila
81.2%
MitchellArthur
81.1%
LundyFrank
79.3%
DriscollJoe
76.4%
BennettPaul
76.1%
QuinnJoey
74.9%
Last Name First Name % Correct
PierceLumen
66.6%
ChaseJordan
66.5%
HillChristine
64%
BriggsAnton
61.6%
WolfEllen
59.7%
MatthewsTom
51.6%
PradoRamon
46.2%
MitchellJonah
41.3%
FiggCamilla
30.7%
GiannaBarbara
28.7%
LiddyStan
27.3%
PradoSylvia
24.8%
AmadoYuki
19.3%
PascalEsmee
18.8%
MorganDoris
18.3%
BrandonGail
15.7%
MitchellBecca
14.8%
MitchellSally
12.5%
OrozcoJorge
11.8%
ManzonCira
7.3%

You're not logged in!

Compare scores with friends on all Sporcle quizzes.
Join for Free
OR
Log In

You Might Also Like...

Show Comments

Extras

Top Quizzes Today


Score Distribution

Your Account Isn't Verified!

In order to create a playlist on Sporcle, you need to verify the email address you used during registration. Go to your Sporcle Settings to finish the process.

Report this User

Report this user for behavior that violates our Community Guidelines.

Details: